LEADER 01032nam a2200217 i 4500 001 000000193550 003 CaOOAMICUS 005 20101025000000.0 008 101025s1933 it u000 u ita u 013 $a172193 040 $aSeMil$bita 100 1 $aFranchetti, Domenico.$0(OLS)http://semarc/name/56376 245 13$aIl Santo Prevosto di Rivalba Torinese D. Clemente Marchisio :$bFondatore dell'Istituto "Figlie di San Giuseppe" /$cTeol. Domenico Franchetti. 260 $aTorino :$bLICE-Berruti & C.,$c1933. 300 $a451 p., [8] p. di tav. ;$c23 cm. 500 $aContiene : Appendice. 600 14$aMarchisio, Clemente .$0(OLS)http://semarc/subject/17757 850 $aSeMil 852 $aSeMil$W1$xVenegono$y1$m3J V 73$j144124$B144124$CSeMilBibl$Z2$F155566 $81 996 $6245$aIl Santo Prevosto di Rivalba Torinese D. Clemente Marchisio :$bFondatore dell'Istituto "Figlie di San Giuseppe"$9(OLS)http://semarc/title/279020 996 $6260$aTorino :$bLICE-Berruti & C.$9(OLS)http://semarc/publisher/32683 LEADER 00837nam a2200193 i 4500 001 000000055551 003 CaOOAMICUS 005 20060712000000.0 008 060712n xx u000 u fre u 013 $a26723 040 $aSeMil$bita 245 10$a[Du 7. au 9. siècle]. 600 04$aGregorio : Magno .$0(OLS)http://semarc/subject/768 650 4$aTeologia morale.$0(OLS)http://semarc/subject/91 650 4$aTesi di laurea.$0(OLS)http://semarc/subject/1690 773 0 $aWasselynck, René$tInfluence des moralia in Job de S. Grégoire le Grand sur la théologie morale entre le 7. et le 12. siécle.$dLille : [s.n.], 1956.$g1$w()1752 850 $aSeMil 852 $aSeMil$W1$xVenegono$y1$m4X I 1$j21705$B21705$CSeMilBibl$Z2$F21707 $8I 996 $6245$a[Du 7. au 9. siècle]$9(OLS)http://semarc/title/86177